| 000 | 00948nam1a22002411i 4500 | ||
|---|---|---|---|
| 001 | rc\1189245 | ||
| 005 | 20260405140042.0 | ||
| 035 | _a(NLR Aleph) 005974023 | ||
| 090 |
_a6961368 _c6961368 |
||
| 100 | _a20060320g19829999u |0rusy50 ca | ||
| 101 | 0 | _arus | |
| 102 | _aRU | ||
| 105 | _ay ||||||||| | ||
| 200 | 1 |
_aСобрание сочинений _eВ 5 т. _f[Редкол.: С.А. Герасимов (гл. ред.) и др.] |
|
| 210 |
_aЛ. _cИскусство. Ленингр. отд-ние _d1982- |
||
| 215 | _d21 | ||
| 700 | 1 |
_aКозинцев _bГ. М. _cрежиссер _f1905-1973 _gГригорий Михайлович _9204042 _3RU\NLR\AUTH\770204093 |
|
| 702 | 1 |
_4340 _8rus _7ca _aГерасимов _bС. А. _cкинорежиссер _f1906-1985 _gСергей Аполлинариевич _3RU\NLR\AUTH\7756349 _939281 |
|
| 801 | 0 |
_aRU _bNLR _gpsbo |
|
| 801 | 1 |
_aRU _bELAR _2rusmarc |
|
| 852 |
_aNLR _j83-3/1075 |
||
| 942 | _cBOOK | ||